Elfenbeine aus dem samischen Heraion : Figürliches, Gefässe und Siegel /

محفوظ في:

المؤلف الرئيسي: Freyer-Schauenburg, Brigitte (مؤلف)

التنسيق: كتاب

اللغة: German

منشور في: Hamburg : Cram, de Gruyter, 1966.

سلاسل: Abhandlungen aus dem Gebiet der Auslandskunde ; 70.

الموضوعات:

الوسوم: إضافة وسم

لا توجد وسوم, كن أول من يضع وسما على هذه التسجيلة!

رقم الطلب: NK5951 .F89

LEADER 00945nam a22002417a 4500
003 OSt
005 20250901123549.0
008 250303s1966 gw af g b 000 0 ger d
040 |c ARCE Library 
050 1 4 |a NK5951   |b .F89  
100 1 |a Freyer-Schauenburg, Brigitte,   |e author  |9 30301 
245 1 0 |a Elfenbeine aus dem samischen Heraion :   |b Figürliches, Gefässe und Siegel /   |c Brigitte Freyer-Schauenburg. 
264 1 |a Hamburg :   |b Cram, de Gruyter,   |c 1966. 
300 |a xi, 155 pages :   |b 34 plates ;   |c 28 cm. 
490 1 |a Abhandlungen aus dem Gebiet der Auslandskunde ;   |v 70. 
500 |a Slightly revised version of the author's dissertation, Hamburg, 1964. 
504 |a Bibliographical references included in "Anmerkungen" (p. 127-150). 
610 2 0 |a Heraion (Samos, Greece)  |9 22307 
650 0 |a Ivories, Greek. 
830 0 |a Abhandlungen aus dem Gebiet der Auslandskunde ;   |v 70. 
901 |a reviewed 
942 |c BK  |2 lcc 
999 |c 23889  |d 23889